000 00631nam a2200145 a 4500
008 120416s1987 ||||||||||||||||| || u
050 _aT 355 Mol
100 _aMolnar, John P. E
245 1 0 _aBuilding construction drafting and design
260 _aNew Delhi
_bCBS
_c1987
300 _axii, 244p. : ill.
350 _a0.00
995 _aMAIN LIBRARY OPEN ACCESS
_D0.00
_e724407
_FCBU-MAIN LIBRARY (Kitwe)
_H3
_I70.00
_jT 355 Mol
_M1
_UAVAILABLE
_y013733
_ZMain Library Open Access Collection
995 _aBINDERY (DAMAGED)
_D0.00
_e724406
_FCBU-MAIN LIBRARY (Kitwe)
_H2
_I70.00
_jT 355 Mol
_M2
_UDAMAGED
_y013734
_ZMain Library Open Access Collection
999 _c78901
_d78901